Actividades con el paracaídas: un completo programa de movimientos con el paracaídas para cursos de educación primaria y secundaria
Saved in:
| Main Authors: | , |
|---|---|
| Format: | Book |
| Language: | Spanish |
| Published: |
Barcelona
Paidotribo
2007
|
| Edition: | 2a. ed |
| Series: | Colección Pedagogías Corporales
|
| Subjects: | |
| Tags: |
Add Tag
No Tags, Be the first to tag this record!
|
MARC
| LEADER | 00000nam a2200000 a 4500 | ||
|---|---|---|---|
| 001 | UCG3364 | ||
| 003 | CL-VaPUC | ||
| 008 | 100826e20070000SP |||||||||||||||||spa|d | ||
| 020 | |a 9788480193368 | ||
| 082 | 0 | 4 | |a 796.1 |b FRE |2 21 |
| 100 | 0 | |a French, Ron |e author |9 552435 | |
| 700 | 0 | |a Horvat, Michael |e author |9 552436 | |
| 245 | 1 | 0 | |a Actividades con el paracaídas: un completo programa de movimientos con el paracaídas para cursos de educación primaria y secundaria |
| 250 | |a 2a. ed | ||
| 300 | |a 201 p | ||
| 942 | |c BK | ||
| 945 | |d 20100826 00:00:00 |a mfarfan | ||
| 260 | |a Barcelona |b Paidotribo |c 2007 | ||
| 650 | 0 | |a Juegos |9 243060 | |
| 650 | 0 | |a Juegos infantiles |9 307365 | |
| 650 | 7 | |a RESISTENCIA |2 CL-VaPUC |9 355262 | |
| 650 | 7 | |a FLEXIBILIDAD |2 CL-VaPUC |9 552437 | |
| 650 | 0 | |a Actividad física |9 362156 | |
| 650 | 7 | |a ENTRENAMIENTO FISICO |2 CL-VaPUC |9 307393 | |
| 583 | |a last modification |c 20100826 00:00:00 |k Rodrigo Vera | ||
| 490 | 0 | |a Colección Pedagogías Corporales | |
| 999 | |c 342433 |d 342431 | ||
| 952 | |0 0 |1 0 |4 0 |6 796_100000000000000_FRE_2007 |7 0 |8 C |9 438622 |a BIBCUR |b BIBCUR |d 2019-11-22 |i 4708482 |l 2 |o 796.1 FRE 2007 |p 4708482 |r 2025-05-08 |s 2025-05-08 |w 2019-11-22 |y BK |k DEN | ||